Български оперни певци в Ла Скала 1900 - 2000 (Запис номер 33841)
[ съкратено ]
| 000 -Лидер | |
|---|---|
| Контролно поле с фиксирана дължина | 01615nam a2200373 c 4500 |
| 003 - Код на организацията, давaща контролен номер | |
| Контролно поле | BLK |
| 005 - Дата и час на последна редакция | |
| Контролно поле | 20210128124709.0 |
| 008 - Елементи от данни с фиксирана дължина | |
| fixed length control field | 180408b bul|||||r ||||||| ||bul|| |
| 010 ## - Наследен системен номер | |
| LC control number | KNG00036534000 |
| 040 ## - Източник на каталожния запис | |
| Идентификатор на билиотеката - собственик на записа | BLK |
| 041 ## - Код за език | |
| Код за езика на текст/звукозапис или на отделно заглавие | Български |
| Код за езика КДБФ | Български |
| 080 ## - УДК | |
| Текстов определител УДК | Опера. Музикална драма. Романтична опера. Опера-приказка |
| УДК код - определител по УДК | 782.1 |
| УДК определител | .071.2(45=867)(092) |
| УДК - код + определител | 782.1.071.2(45=867)(092) |
| 080 ## - УДК | |
| Текстов определител УДК | Биографии |
| УДК код - определител по УДК | 929 |
| УДК определител | (497.2) |
| УДК - код + определител | 929(497.2) |
| 100 1# - Редна дума - Автор | |
| Автор | Бончев, Марин Цолов |
| Авторска отговорност | първи автор |
| R(LIN) | 273278 |
| 139 ## - Редно поле | |
| Редна дума | Бончев, Марин Цолов и др. |
| Авторски знак | Бонч - Б 63 |
| 245 10 - Сведения за заглавието | |
| Заглавие | Български оперни певци в Ла Скала 1900 - 2000 |
| Редно поле (дума) | Марин Цолов Бончев; съавт. Христо Нонов. |
| 257 ## - Страна на издаване | |
| Страна на създаване/издаване | България |
| 260 ## - Област на издателските данни | |
| Име на издателя, разпространителя и проч. | Изд. авт. |
| Година на издаване | 2001 |
| Печатница | София : Образование и наука |
| Място на издаване, разпространение и проч. | София |
| 300 ## - Физическа характеристика | |
| Страници | 123 с. |
| Илюстрации и др. | със сн. |
| Размери/Мащаб | 29 см |
| 380 ## - Жанр | |
| Жанр | Изкуство |
| 490 ## - СЕРИИ (Колекции) | |
| Име на серия | Библиотека Български оперни певци по световните сцени |
| №: серия | 1 |
| 9 (RLIN) | 201493 |
| 500 ## - Общи забележки | |
| Забележка | Библиогр. с. 126. |
| 504 ## - Забележка за наличие на библиография и др | |
| Забележка за наличие на библиография и под. | 126 |
| 650 #4 - Допълнително описание по предмет – тема | |
| Основно описание – тема или топоним | Оперни и оперетни артисти, български - в Италия |
| 9 (RLIN) | 273279 |
| 650 #4 - Допълнително описание по предмет – тема | |
| Основно описание – тема или топоним | Оперни театри - Италия - история |
| 9 (RLIN) | 273280 |
| 653 ## - Ключова дума – ненормативна | |
| Ключова дума | оперни певци |
| 653 ## - Ключова дума – ненормативна | |
| Ключова дума | Ла Скала |
| 700 1# - Други автори (авторска отговорност) | |
| Лично име | Нонов, Христо |
| Автороска отговорност (Описва отношението между автора и произведението) | съавт. |
| 9 (RLIN) | 103855 |
| 852 ## - Местоположение | |
| Форматна сигнатура | Цб ІІ 11271 |
| 856 4# - Електронен адрес и достъп | |
| Електронен формат | pdf - файл |
| 856 4# - Електронен адрес и достъп | |
| Електронен формат | pdf - файл |
| 999 ## - СИСТЕМНИ КОНТРОЛНИ НОМЕРА | |
| Koha biblionumber | 33841 |
| Koha biblioitemnumber | 33841 |
| 942 ## - АРТИКУЛИ | |
| Вид на библиотечния материал | Книги |
| Скрит в OPAC | Не |
| Периодичен библиозапис | Да |
| 944 ## - СЪЗДАВАНЕ И РЕДАКЦИЯ на ЗАПИСА | |
| Създаване/Редакция | Създаване |
| Дата на регистрацията/редакция | 15.01.2003 |
| Служител, извършил регистрацията/редакцията | Геновева_Генчева |
| 944 ## - СЪЗДАВАНЕ И РЕДАКЦИЯ на ЗАПИСА | |
| Създаване/Редакция | Редакция |
| Дата на регистрацията/редакция | 20.01.2005 |
| 999 ## - СИСТЕМНИ КОНТРОЛНИ НОМЕРА | |
| Koha biblioitemnumber | 33841 |
| Код за отписване | Код за изгубен артикул | Източник на класификационната схема | Код за повреда | Коз за рестрикции | Код за отдаване | Артикулен № | Име на библиотеката - собственик | Име на библиотеката, в която се намира в момента | Статус (Текущо местоположение) | Дата на вписване в системата | Местоположение - отдел | Цена в лева | Инвентарен номер | Систематично азбучна сигнатура | Баркод | Номер на екземпляра | Цена в евро | Служебна бележка | Служебен тип на артикула |
|---|---|---|---|---|---|---|---|---|---|---|---|---|---|---|---|---|---|---|---|
| Не е изгубен | Universal Decimal Classification | Не е повреден | без рестрикции | заемане за дома | 53900 | Регионална библиотека "Любен Каравелов" Русе | Регионална библиотека "Любен Каравелов" Русе | Отдел Изкуство - подръчен фонд | 2001-01-01 | Отдел Изкуство - подръчен фонд | 25.00 | 664627 | 782.1(497.2)( 092)/Б 63 | 120000664627 | 1 | 12.78 | Дост: Pk Вид: Ф N: стар фонд Дата: 01.01.2002 Дата инв: 20.06.2012 Бележки инв: * | Книги | |
| Не е изгубен | Universal Decimal Classification | Не е повреден | само за читалня | ползва се в читалня | 53901 | Регионална библиотека "Любен Каравелов" Русе | Регионална библиотека "Любен Каравелов" Русе | Хранилище | 2002-09-12 | Хранилище | 0.01 | 120000672124 | Цб II 11271 | 120000672124 | 2 | 0.01 | Дост: Dp Вид: Д N: 8 Дата: 12.02.2002 | Книги |